90+ OVR Players | NHL 25 - Statistics

General Stats
  • This quiz has been taken 67 times
  • The average score is 35 of 44
Answer Stats
Name Team OVR % Correct
Connor McDavid EDM 97
100%
Leon Draisaitl EDM 96
96%
Nathan MacKinnon COL 96
96%
Cale Makar COL 95
95%
Auston Matthews TOR 95
93%
Jack Hughes NJD 94
93%
Kirill Kaprizov MIN 95
93%
Quinn Hughes VAN 96
93%
Aleksander Barkov FLA 95
91%
Artemi Panarin NYR 95
91%
Nikita Kucherov TBL 96
91%
David Pastrnak BOS 94
89%
Sidney Crosby PIT 94
89%
Matthew Tkachuk FLA 93
88%
Jack Eichel VGK 94
86%
Roman Josi NSH 93
86%
Adam Fox NYR 92
84%
Mikko Rantanen DAL 94
84%
Mitch Marner TOR 93
84%
Andrei Vasilevskiy TBL 93
82%
Brayden Point TBL 93
82%
Connor Hellebuyck WPG 94
82%
Victor Hedman TBL 93
82%
Kyle Connor WPG 93
80%
Rasmus Dahlin BUF 92
80%
Sam Reinhart FLA 93
79%
Sebastian Aho CAR 91
79%
William Nylander TOR 91
79%
Alex Ovechkin WSH 91
77%
Miro Heiskanen DAL 91
75%
Jake Oettinger DAL 92
73%
Mark Scheifele WPG 91
73%
Mark Stone VGK 91
73%
Igor Shesterkin NYR 92
71%
J.T. Miller NYR 91
70%
Juuse Saros NSH 90
70%
Charlie McAvoy BOS 90
68%
Ilya Sorokin NYI 90
68%
Zach Werenski CBJ 90
68%
Thatcher Demko VAN 90
64%
Martin Necas COL 91
59%
Jesper Bratt NJD 92
57%
Josh Morrissey WPG 91
57%
Jake Guentzel TBL 90
45%
No matching quizzes found
Score Distribution
Percent of People with Each Score
Percentile by Number Answered
Your Score History
You have not taken this quiz